LEADER 01889nam 2200433 450 001 9910812094803321 005 20230807214936.0 010 $a2-335-01505-2 035 $a(CKB)3790000000023777 035 $a(EBL)2086985 035 $a(MiAaPQ)EBC2086985 035 $a(Au-PeEL)EBL2086985 035 $a(OCoLC)914147906 035 $a(EXLCZ)993790000000023777 100 $a20200120d2015 uy d 101 0 $afre 135 $aur|n|---||||| 181 $ctxt$2rdacontent 182 $cc$2rdamedia 183 $acr$2rdacarrier 200 13$aLe Mirage /$fGeorges Rodenbach 210 1$a[Place of publication not identified] :$cLigaran,$d[2015] 210 4$dİ2015 215 $a1 online resource (165 p.) 225 0 $aLivre nume?rique 300 $aDescription based upon print version of record. 327 $aCouverture; Page de Copyright; Page de titre; Personnages; Acte premier; Sce?ne premie?re; Sce?ne II; Sce?ne III; Sce?ne IV; Sce?ne V; Sce?ne VI; Acte deuxie?me; Sce?ne premie?re; Sce?ne II; Sce?ne III; Sce?ne IV; Sce?ne V; Sce?ne VI; Acte troisie?me; Sce?ne premie?re; Sce?ne II; Sce?ne III; Sce?ne IV; Sce?ne V; Acte quatrie?me; Sce?ne premie?re; Sce?ne II; Sce?ne III; Sce?ne IV; Sce?ne V; Sce?ne VI; Sce?ne VII; Sce?ne VIII; Sce?ne IX; Sce?ne X; Sce?ne XI 330 $aExtrait : ""SOEUR ROSALIE : Mon Dieu ! comme je suis contrarie?e ! BARBE, ramassant les morceaux de la vitre qui prote?geait le portrait au pastel et qui s'est brise?e : Mais non, ma s?ur, c'est uniquement de ma faute."" 606 $aFrench drama$y19th century 615 0$aFrench drama 676 $a842.009 700 $aRodenbach$b Georges$f1855-1898,$0440180 801 0$bMiAaPQ 801 1$bMiAaPQ 801 2$bMiAaPQ 906 $aBOOK 912 $a9910812094803321 996 $aLe Mirage$93918397 997 $aUNINA